| 000 | 00701 a2200205 4500 | ||
|---|---|---|---|
| 999 |
_c8906 _d8906 |
||
| 020 | _a9780748768561 | ||
| 050 | _aQ390 NEL 2001 | ||
| 245 |
_aNelson GCSE modular science. 1/ _cPaul Collison, David Horrocks, David Kirkby and Averil MacDonald |
||
| 264 |
_aCheltenham : _b Nelson Thornes, _c 2001. |
||
| 300 |
_a292 pages : _bill. |
||
| 500 | _aincludes index. | ||
| 650 | _aScience -- Juvenile literature. | ||
| 650 | _aScience -- Problems, exercises, etc. -- Juvenile literature | ||
| 650 | _aScience -- Study and teaching (Secondary) | ||
| 700 | _a Collison, Paul | ||
| 700 | _aMacDonald, Averil | ||
| 700 | _a Horrocks,David | ||
| 700 | _a Kirkby, David | ||
| 942 |
_2lcc _cBK _h390 _iNEL _k2001 |
||